Derecho privado europeo

Tallennettuna:
Bibliografiset tiedot
Päätekijä: Sánchez Lorenzo, Sixto A (Tekijä)
Aineistotyyppi: Kirja
Kieli:espanja
Julkaistu: Granada Comares 2002
Sarja:Estudios de Derecho Privado Europeo, 2
Aiheet:
Tagit: Lisää tagi
Ei tageja, Lisää ensimmäinen tagi!

MARC

LEADER 00000nam a2200000 a 4500
001 UCL9421
003 CL-VaPUC
008 040806e20020000SP |||||||||||||||||spa|d
020 |a 8484445410 
082 0 4 |a 340.9  |b SAN  |2 21 
100 0 |a Sánchez Lorenzo, Sixto A  |e author  |9 487251 
245 1 0 |a Derecho privado europeo 
300 |a 362 p 
942 |c BK 
945 |d 20040806 00:00:00  |a cmena 
260 |a Granada  |b Comares  |c 2002 
650 0 |a Derecho internacional privado  |9 256361 
650 0 |a Tratados internacionales   |9 256056 
650 0 |a Obligaciones contractuales  |9 386117 
650 0 |a Derecho europeo  |9 391498 
651 0 |a Europa  |9 255156 
583 |a last modification  |c 20040806 00:00:00  |k Rodrigo Vera 
490 0 |a Estudios de Derecho Privado Europeo, 2 
999 |c 310215  |d 310213 
952 |0 0  |1 0  |4 0  |6 340_900000000000000_SAN_2002  |7 0  |8 A  |9 378473  |a BIBDER  |b BIBDER  |d 2019-11-21  |i 4045904  |o 340.9 SAN 2002  |p 4045904  |r 2023-01-25  |w 2019-11-21  |y BK  |k DER